DC- All Lanterns (Part 1- Red, Green, Yellow) - Statistics

General Stats
  • This quiz has been taken 66 times
  • The average score is 21 of 456
Answer Stats
Colour Name % Correct
Hal Jordan
98%
Thaal Sinestro
87%
John Stewart
80%
Atrocitus
71%
Kilowog
53%
Kyle Rayner
51%
Guy Gardner
49%
Abin Sur
33%
Dex-Starr
31%
Jessica Cruz
31%
Clark Kent/Superman
29%
Simon Baz
29%
Bleez
27%
Bruce Wayne
22%
Ch'p
22%
Kal-El/Superman
22%
Mogo
20%
Tomar Re
20%
Arkillo
18%
Ganthet
18%
B'dg
16%
Diana of Themyscira/Wonder Woman
16%
Jonathan Crane/Scarecrow
16%
Kara Zor-El/Supergirl
13%
Soranik Natu
13%
Aa
11%
Parallax
11%
Zilius Zox
11%
Yellow Amon Sur
9%
Bodikka
9%
Skallox
9%
Sodam Yat
9%
Tomar Tu
9%
Adam
7%
Aldo
7%
Anya Savenlovich
7%
Arisia Rrab
7%
Aya
7%
B'ox
7%
Fury-6
7%
Greenzarro
7%
Haggor
7%
Hannu
7%
Katma Tui
7%
Lyssa Drak
7%
Vice
7%
Green 2-6-8-1-7-9-5
4%
Red Abyssma
4%
Adara
4%
Adellca
4%
Ahtier
4%
Airam Sappal
4%
Alia
4%
Alisand'r
4%
Altin Ad'Ms
4%
Amanita
4%
Amnee Pree
4%
Apros
4%
Archon Z'gmora
4%
Ard Rennat
4%
Arkkis Chummuck
4%
AR-N-O-Q
4%
Artis Chep
4%
Artois
4%
Arx
4%
Ashel Sabian Formanta
4%
Ash-Pak-Glif
4%
Asile
4%
Atros
4%
Avir
4%
Ayria
4%
Barin Char
4%
Bedovian
4%
B'rr
4%
B'Shi
4%
Bzzd
4%
Charles Vicker
4%
Despotellis
4%
Dez Trevius
4%
Ermey
4%
G'Nort
4%
Harleen Quinzel/Harley Quinn
4%
Iolande
4%
Jack T. Chance
4%
Karu-Sil
4%
Kryb
4%
Low
4%
Mera
4%
Nite-Lik
4%
Ranx
4%
Ratchet
4%
Razer
4%
Romat-Ru
4%
Salakk
4%
Slushh
4%
Stel
4%
Tekik
4%
Tri-Eye
4%
Veon
4%
Ampa Nnn
2%
Anti-Monitor
2%
Antipathy
2%
Arkadian Trawl
2%
Atey
2%
Aviva Metula
2%
Barbara Gordon
2%
Barda Free
2%
Barreer Wot
2%
Barro Cruzz
2%
Bart Allen
2%
Bboc
2%
Bivvix
2%
Blish Rrab
2%
Bloobert Cob
2%
Bogosar
2%
Branwilla
2%
Breeon
2%
Brik
2%
Brin
2%
Brokk
2%
Bronchuck
2%
Bruks
2%
Buda
2%
Burkett
2%
Bynai Bruun
2%
Cary Wren
2%
Charqwep
2%
Chaselon
2%
Chernis
2%
Chogar
2%
Chthos-Chthas Chthatis
2%
Cimfet Tau
2%
Collective
2%
Cossite
2%
Cundiff Cood
2%
Cynthos
2%
Dalor
2%
Daniel Young
2%
D'aran Tuu
2%
Davo Yull
2%
Deeter
2%
Diamalon
2%
Dkrtzy Rrr
2%
Dob Zagil
2%
Donna Parker
2%
Driq
2%
Droxelle
2%
Dyogene
2%
Feska
2%
Flashlight
2%
Flint
2%
Flodo Span
2%
Galius Zed
2%
Galte-Re
2%
Garl Rathbone
2%
Garmin Vid
2%
Glibberquip
2%
G'Newmann G'Noggs
2%
Gorin-Sunn
2%
Gorish
2%
Green Man
2%
Gretti
2%
Grumb
2%
Harvid
2%
Hippolyta
2%
Hirunan
2%
Hollika Rahn
2%
Hwaal
2%
Iath
2%
Isamot Kol
2%
Itro
2%
James Kim
2%
John Moore
2%
Jong Li
2%
Ke'Haan
2%
Laham
2%
Laira Omoto
2%
Larvox
2%
Lashorr
2%
Lee
2%
Leezle Pon
2%
Maash
2%
Medphyll
2%
Mongul
2%
Mongul II
2%
Morro
2%
Saarek
2%
Sinestra
2%
Skorch
2%
Starro
2%
Varix
2%
Vath Sarn
2%
Vidar
2%
Waverly Sayre
2%
Yalan Gur
2%
Ausiin Snow
0%
Bekka
0%
Bizarro Green Lantern
0%
Black Manta
0%
Borialosaurus
0%
Boston Brand
0%
Braach
0%
Bur'Gunza
0%
Creeper
0%
Damian Wayne
0%
DevilDog
0%
Duck Dodgers
0%
Duel Eknham
0%
Ebikar Hrui
0%
Eddore
0%
Ekron
0%
El'qa Squa Zreenah
0%
Enkafos
0%
Ergann
0%
Etrigan
0%
Feena Sik
0%
Fentara Rrab
0%
Flayt
0%
Gala De
0%
Gazzl
0%
Gen'ma
0%
Ghrelk
0%
Ghr'll
0%
G'Hu
0%
Gion
0%
G'kd
0%
Gleen
0%
Godunn
0%
Gorgor
0%
Gorius Karkum
0%
Gpaak
0%
Graddaa
0%
Graf Toren
0%
Greb
0%
Green Lambkin
0%
Greet
0%
Greykil
0%
Haasp
0%
Hammeroon
0%
Harold Jordan
0%
Henry Henshaw
0%
Honnu
0%
Horku
0%
Horoq Nnot
0%
Hralkaar
0%
Imecsub
0%
Insidd
0%
Jade Yifei
0%
Jason Woodrue
0%
Jediah Caul
0%
Jennifer-Lynn Hayden
0%
Jeryll
0%
Jewelius Blak
0%
Joanqin
0%
John Constantine
0%
Jordana Gardner
0%
Jose Hernandez
0%
Jruk
0%
Kai-Ro
0%
Kaylark
0%
Kendotha Kr'nek
0%
Kentor Omoto
0%
Khen-To
0%
Kho Kharhi
0%
Ki-Nilg
0%
Kiriazis
0%
Kirrt Kallak
0%
Kirt Niedrigh
0%
Kkrudd
0%
Kraken
0%
Kreon
0%
Kretch
0%
Krista X
0%
Kruul
0%
Krydel-4
0%
K'ryssma
0%
KT21
0%
Kworri
0%
Kwo Varrikk
0%
Lan Dibbux
0%
Lex Luthor
0%
Liana
0%
Lin Canar
0%
Lodar Monak
0%
Lok Neboora
0%
Lysandra
0%
Magaan Van'n
0%
Malet Dasim
0%
Malia
0%
Mallow
0%
Mardin
0%
Maria Contranetti
0%
Markot Five
0%
Maro
0%
Matoo Pree
0%
Matris Ater Clementia
0%
M'Dahna
0%
Meadlux
0%
Meeno Monak
0%
Meershom
0%
M'hdahna
0%
Moose
0%
M'Ten
0%
MukMuk
0%
Myrrt
0%
Narok
0%
NautKeLoi
0%
Nax
0%
Nemux
0%
Ngila G'nrt
0%
Nhoj Sappal
0%
Norchavius
0%
Nosa'elg
0%
Okonoko
0%
Olapet
0%
Oliversity
0%
Opto309V
0%
Orlan
0%
Palaqua
0%
Pamela Isley/Poison Ivy
0%
Pathavim Seth-Ottarak
0%
Pelle
0%
Penelops
0%
Penn Maricc
0%
Percival II
0%
Perdoo
0%
Phantos
0%
Porter
0%
Priest
0%
Probert
0%
Procanon Kaa
0%
Prohl Gosgotha
0%
Qanda
0%
Quarzz Teranh
0%
Quasitrell
0%
Quond
0%
Qurina Vint
0%
Ragnar
0%
Rak Arranya
0%
Raker Qarrigat
0%
R'amey Holl
0%
Rasa Nekroy
0%
Reemuz
0%
Rees-Van
0%
Reever
0%
Relok Hag
0%
Remnant Nod
0%
Rigen Kale
0%
Rokk
0%
Rond Vidar
0%
Rori Dag
0%
Rori Stroh
0%
Rot Lop Fan
0%
RRU-9-2
0%
Ry'jll
0%
Salice
0%
Sandro Batorn
0%
Sarolis
0%
Schlagg-Man
0%
Scivor
0%
Seer Ruggle
0%
Sendrina
0%
Setag Retss
0%
Shedd
0%
Sheko
0%
Shilandra Thane
0%
Shingo Wol
0%
Shirea Vaas
0%
Shorm
0%
Shyir Rev
0%
Siram
0%
Sirket
0%
Skirl
0%
Skr'kl
0%
Skyrd
0%
Slade Wilson/Deathstroke
0%
Smithwick
0%
Snap Trap
0%
Sn'Hoj
0%
Sool
0%
Spak-Drom
0%
Spol
0%
Squagga
0%
Squillic
0%
Sqweeegg
0%
Stanch
0%
Starkaor
0%
Steppe
0%
Strafe
0%
Suzdal
0%
Swixxle
0%
Symon Terrynce
0%
Taa
0%
Tagin Sur
0%
Tagort
0%
Tahr
0%
Talmadge
0%
Tanakata Z
0%
Tarkus Whin
0%
T-Cher
0%
Teth-Adam/Black Adam
0%
Theodoric
0%
Thormon Tox
0%
Thulka Re
0%
Tomy Fai
0%
Torquemada
0%
TO-T-U-K
0%
Tuebeen
0%
Turytt
0%
Tylot
0%
Ugg-I
0%
Umitu
0%
Vandor
0%
Vegar
0%
Venizz
0%
Victor Fries/Mr Freeze
0%
Vode-M
0%
Volk
0%
Von Daggle
0%
Voz
0%
Vril Dox II
0%
Weaponer
0%
Wick
0%
Wissen
0%
Wylxa
0%
Xax
0%
Xenofobe
0%
Xrill-Vrex
0%
Xylpth
0%
Yron
0%
Yrra Cynril
0%
Yyk
0%
Zac Ares Bandet
0%
Zale
0%
Zaneth
0%
Zavonn Parzzx
0%
Zborra
0%
Zghithii
0%
Zharan Pel
0%
Zibar
0%
Zuron
0%
Zvvireel
0%
No matching quizzes found
Score Distribution
Percent of People with Each Score
Percentile by Number Answered
Your Score History
You have not taken this quiz